Datum a čas kvízu
31.5
Celkem bodů
Celkový počet nahraných bodů na tomto kvízu bez doplňovacích otázek.
2.
Pořadí na kvízu
Konečné umístění týmu na tomto kvízu.
Zaznamenané odpovědi
| # | Otázka | Odpověď | Body | Výsledky |
|---|---|---|---|---|
| 1. | Od pondělí do čtvrtka brázdila... | Formule 1 | 1 | |
| 2. | V českých médiích se minulý tý... | kozy (a kozly) | 0 | |
| 3. | Který známý americký influence... | Jake Paul | 1 | |
| 4. | Ve čtvrtek byla v aukci v Los... | klobouk (Indiany Jonese) | 1 | |
| 5. | Který český fotbalista přestou... | Adam Hložek | 0 | |
| 6. | Ve kterém americkém filmu z ro... | Ladíme! (Pitch Perfect) | 0 | |
| 7. | Francouzská hudební komedie s... | Piti Piti Pa | 1 | |
| 8. | V hudební animované pohádce Tr... | Justin Timberlake | 0 | |
| 9. | Horečka sobotní noci se pojí s... | Bee Gees | 1 | |
| 10. | Který hudební film s Karlem Go... | Hvězda padá vzhůru | 0 |